Interpack '90.

7.-13.6.1990 v Düsseldorfe (SRN) medzinárodný veľtrh Interpack '90. Vystavovali sa exponáty z oblasti baliacich zariadení a ich doplnkov, obalových materiálov, obalov a pomocných obalových prostriedkov, príklady kompletných balení a zariadenia pre výrobu a balenie produkcie cukrovinkárskeho priemysl...

Descrizione completa

Salvato in:
Dettagli Bibliografici
Autore principale: Sandr, Z.
Altri autori: Kubeš, J., Malý, J.
Natura: Capitolo di libro
Lingua:ceco
Soggetti:
Tags: Aggiungi Tag
Nessun Tag, puoi essere il primo ad aggiungerne!!

MARC

LEADER 00000naa a2200000 4500
001 r002525
005 20220819180815.4
041 0 |a cze 
044 |a [CS] 
245 1 0 |a Interpack '90.  |c Z. Sandr, J. Kubeš, J. Malý 
520 |a 7.-13.6.1990 v Düsseldorfe (SRN) medzinárodný veľtrh Interpack '90. Vystavovali sa exponáty z oblasti baliacich zariadení a ich doplnkov, obalových materiálov, obalov a pomocných obalových prostriedkov, príklady kompletných balení a zariadenia pre výrobu a balenie produkcie cukrovinkárskeho priemyslu. Z poradenskej činnosti informácia zo štúdie "Obalová technika bez plastov". 
610 2 0 |a veľtrhy 
610 2 0 |a obaly 
610 2 0 |a balenie 
610 2 0 |a potravinárstvo 
610 2 0 |a poradenstvo 
610 2 0 |a zariadenie výrobné 
610 2 0 |a Düsseldorf 
610 2 0 |a interpack '90 
610 2 0 |a exponáty 
100 1 |a Sandr, Z. 
700 1 |a Kubeš, J. 
700 1 |a Malý, J.